40 Famous Singers by Picture - Statistics

General Stats
  • This quiz has been taken 1,468 times
  • The average score is 30 of 40
Answer Stats
Picture Answer % Correct
Taylor Swift
92%
Ariana Grande
90%
Ed Sheeran
90%
Michael Jackson
90%
Justin Bieber
88%
Billie Eilish
87%
Drake
87%
Eminem
87%
Rihanna
87%
Beyoncé Knowles
86%
Bruno Mars
86%
Snoop Dogg
85%
Adele
84%
Harry Styles
84%
Selena Gomez
82%
Katy Perry
81%
Lady Gaga
81%
Elvis Presley
80%
Kanye West
79%
Shakira
79%
Pink
78%
Miley Cyrus
77%
Olivia Rodrigo
76%
Dua Lipa
74%
Mariah Carey
71%
Shawn Mendes
71%
Britney Spears
70%
Freddie Mercury
70%
Justin Timberlake
70%
Camila Cabello
68%
Jennifer Lopez
67%
Jay-Z
65%
Celine Dion
63%
Frank Sinatra
62%
John Lennon
60%
David Bowie
54%
Avril Lavigne
52%
Madonna
52%
Christina Aguilera
46%
Alicia Keys
43%
No matching quizzes found
Score Distribution
Percent of People with Each Score
Percentile by Number Answered
Your Score History
You have not taken this quiz